000 01359nam a2200229Ia 4500
999 _c56409
_d56409
001 23522
003 GE_BSU
005 20220530105438.0
008 181216s1968||||ge |||||||||||||| ||geo||
040 _cGE_BSU
041 _ageo
080 _a94(479.22)"10'' შ-48
100 _aშენგელია, ნოდარ
_913874
245 _aსელჩუკები და საქართველო XI საუკუნეში /
_cნოდარ შენგელია ; ივ. ჯავახიშვილის სახ. ისტორიის, არქეოლოგიისა და ეთნოგრაფიის ინ-ტი.
264 _aთბილისი :
_bმეცნიერება,
_c1968.
300 _a437 გვ.;
_b22 სმ..
501 _aპირთა საძიებელი: გვ. 405-421 გეოგრაფიული საძიებელი: გვ. 422-434.
520 _aრეზუმე რუსულ და ინგლისურ ენებზე.
653 _aსაქართველოს ისტორია -- XI ს.
710 _aივ. ჯავახიშვილის სახ. ისტორიის, არქეოლოგიისა და ეთნოგრაფიის ინსტიტუტი.
_913875
942 _cBK
_2udc